Σύγχρονες Διαστάσεις του Διδακτικού Έργου και Πόλου του Εκπαιδευτικού: Όρια και Δυνατότητες (Record no. 3219)
[ view plain ]
| 000 -LEADER | |
|---|---|
| fixed length control field | 01784cam a22001934a 4500 |
| 005 - ΗΜΕΡΟΜΗΝΙΑ ΚΑΙ ΩΡΑ ΤΕΛΕΥΤΑΙΑΣ ΕΝΗΜΕΡΩΣΗΣ | |
| Πεδίο ελέγχου | 20250605164109.0 |
| 008 - FIXED-LENGTH DATA ELEMENTS--GENERAL INFORMATION | |
| Πεδίο ελέγχου σταθερού μήκους | 250528s ||||||||||||||||||||||||d |
| 035 ## - SYSTEM CONTROL NUMBER | |
| System control number | 17819 |
| 020 ## - ISBN | |
| ISBN | 9789604670635 |
| 040 ## - ΠΗΓΗ ΚΑΤΑΛΟΓΟΓΡΑΦΗΣΗΣ | |
| Φορέας πρωτότυπης καταλογογράφησης | MC Athens Campus Library |
| Γλώσσα καταλογογράφησης | Ελληνικά, Μοντέρνα (1453-) |
| Modifying agency | MC Athens Campus Library |
| Κανόνες περιγραφικής καταλογογράφησης | AACR2 |
| 245 1# - ΤΙΤΛΟΣ ΚΑΙ ΔΗΛΩΣΗ ΥΠΕΥΘΥΝΟΤΗΤΑΣ | |
| Τίτλος | Σύγχρονες Διαστάσεις του Διδακτικού Έργου και Πόλου του Εκπαιδευτικού: Όρια και Δυνατότητες |
| 260 ## - PUBLICATION, DISTRIBUTION, ETC. | |
| Name of publisher, distributor, etc. | Αδελφών Κυριακίδη Α.Ε, |
| Date of publication, distribution, etc. | 2014 |
| 300 ## - PHYSICAL DESCRIPTION | |
| Extent | 362 |
| 520 ## - SUMMARY, ETC. | |
| Summary, etc. | Το παρόν βιβλίο δεν στοχεύει στην παροχή διδακτικών δυνατοτήτων, αλλά στον ευρήτερο προβληματισμό προς το ''διδακτικώς πράττειν'' του σύγχρονου εκπαιδευτικού. Πρόλογος, Εισαγωγή, Διαχρονική - Εξελικτική Προσέγγιση του Ρόλου του Εκπαιδευτικού, Οριοθέτηση και Προσανατολισμός του Σύγχρονου Ρόλου του Εκπαιδευτικού, Επιστημολογική Θεώρηση του Εκπαιδευτικού Έργου και Ρόλου με Έμφαση στη Διδακτική του Διάσταση, Διαστάσεις του Διδακτικού Ρόλου του Εκπαιδευτικού, Ο Διδακτικός Ρόλος του Εκπαιδευτικου: Εκφάνσεις και Συγκρούσεις, Επισκόπηση Ερευνών Σχετικά με την Εξέλιξη του Διδακτικού Ρόλου του Εκπαιδευτικού, Βιβλιογραφία. |
| 700 1# - ΠΡΟΣΘΕΤΗ ΑΝΑΓΡΑΦΗ--ΦΥΣΙΚΟ ΠΡΟΣΩΠΟ | |
| Personal name | Φύκαρης Ιωάννης |
| 9 (RLIN) | 4089 |
| 942 ## - ADDED ENTRY ELEMENTS (KOHA) | |
| Koha item type | Books |
| Τύπος τεκμηρίου | Βιβλιοθήκη | Τρέχουσα τοποθεσία | Barcode | Αριθμός εισαγωγής | Ημερομηνία απόκτησης | Ταξιθετικό σύμβολο | Αριθμός αντιτύπου | Κατάσταση απόσυρσης | Κατάσταση χαμένου | Κατάσταση κατεστραμμένου | Μη δανεισμός | Σύνολο δανεισμών | Ημερομηνία τελευταίας εμφάνισης | Η τιμή ισχύει από |
|---|---|---|---|---|---|---|---|---|---|---|---|---|---|---|
| Books | MC Athens Campus Library | MC Athens Campus Library | 9780000032188 | 7217 | 05/06/2025 | 370.1 FYK | 1 | 05/06/2025 | 05/06/2025 |